000 01137ata a2200433 4500
005 20251017162707.0
008 150602b2011 xxu||||| |||| 00| 0 spa d
020 _a9789681865467
041 _aESP
082 _a363.25 M791c2
100 _aMontiel Sosa, Juventino
_914225
245 _aCriminalística
250 _a2 edición
260 _aMéxico
260 _bLimusa
260 _c2011
300 _a330 páginas
490 _aInvestigación Criminal
650 _aCRIMINALÍSTICA
650 _aINVESTIGACIÓN CRIMINAL
650 _aINDICIOS
650 _aHUELLAS DIGITALES
650 _aMANCHAS DE SANGRE
650 _aINDICIOS BIOLÓGICAS
650 _aSITIO DEL SUCESO
650 _aCRIMINALÍSTICA EN EL LABORATORIO
650 _aHECHOS DE TRÁNSITO
650 _aARMAS DE FUEGO
650 _aBALÍSTICA FORENSE
650 _aMANCHAS DE SANGRE
650 _aINDICIOS BIOLÓGICOS
650 _aSITIO DEL SUCESO
650 _aINDICIOS
650 _aHUELLAS DIGITALES
650 _aMANCHAS DE SANGRE
650 _aINDICIOS BIOLÓGICAS
650 _aSITIO DEL SUCESO
942 _cBK
_2ddc
999 _c6141
_d6141